000 01105cam a2200277 a 4500
001 1665
005 20231123101341.0
020 _a9780545591911
040 _aDLC
_cDLC
_dDLC
_beng
050 0 0 _aGV1073.15.C63
_bL36 2012
082 0 0 _a796.43
_aB
_223
100 1 _aLang, Heather
_d1966-
245 1 0 _aQueen of the track
_bAlice Coachman, Olympic high-jump champion /
_cHeather Lang ; illustrated by Floyd Cooper
260 _bScholastic,
_c2012
_aNew York :
300 _a35 pages :
_bcolor illustrations ;
_c29 cm
505 _aS
520 _aTells the story of Alice Coachman, an athlete from rural Georgia who made history as the first African-American woman to win an Olympic gold medal in 1948.
521 1 _a790
_bLexile
521 1 _aS
_bRaz-Plus
650 0 _aAfrican American women track and field athletes
_vJuvenile literature.
650 0 _aAfrican American women athletes
_vJuvenile literature.
650 0 _aJumping
_zUnited States
_vJuvenile literature.
700 1 _aCooper, Floyd
_eillustrator
906 _a7
_bcbc
_corignew
_d2
_eepcn
_f20
_gy-gencatlg
942 _2ddc
_cBK
_n0
999 _c1665
_d1665